00618 2200229 4500001002100000005001700021008004100038035002400079082001100103090001800114100002500132245007400157250001100231260004100242300002500283500001100308650002200319850001500341980001100356985000600367999001500373YOGYA-0209000000571020090227020831.0 ind  0010-020900000005710 a307.76 a307.76bSuf I aSOSRODIHARJO, Sujito aTranformasi sosialbmenuju masyarakat industricSoejito sosro diharjo aCet. 2 aYogyakartabTiara Wacana Yogyac1986 axiii, 146 hlmc21 cm aIndeks aSosial, Perubahan aYOPDYOG(B) a240605 a1 a97P0094929